Landkreise und kreisfreie Städte - Zufälliger Galgenmännchen - Statistiken

Allgemein
  • Dieses Quiz wurde 244 mal gespielt
  • Das Durchschnittsergebnis liegt bei 6 aus 9
Antwortstatistiken
Buchstabe % Korrekt
A
100%
A
100%
A
100%
A
100%
A
100%
A
100%
A
100%
A
100%
A
100%
A
100%
A
100%
A
100%
A
100%
Ä
100%
A
100%
A
100%
A
100%
A
100%
A
100%
A
100%
B
100%
B
100%
B
100%
B
100%
B
100%
B
100%
B
100%
B
100%
B
100%
C
100%
C
100%
C
100%
D
100%
D
100%
D
100%
D
100%
D
100%
E
100%
E
100%
E
100%
E
100%
E
100%
E
100%
E
100%
E
100%
E
100%
E
100%
E
100%
E
100%
E
100%
E
100%
E
100%
E
100%
E
100%
E
100%
E
100%
E
100%
E
100%
E
100%
E
100%
E
100%
E
100%
E
100%
E
100%
E
100%
E
100%
E
100%
E
100%
E
100%
E
100%
E
100%
E
100%
F
100%
F
100%
F
100%
F
100%
F
100%
G
100%
G
100%
G
100%
G
100%
G
100%
G
100%
H
100%
H
100%
H
100%
H
100%
H
100%
H
100%
H
100%
H
100%
H
100%
I
100%
I
100%
I
100%
I
100%
I
100%
I
100%
I
100%
I
100%
I
100%
K
100%
L
100%
L
100%
L
100%
L
100%
L
100%
L
100%
L
100%
L
100%
L
100%
M
100%
M
100%
M
100%
M
100%
M
100%
M
100%
N
100%
N
100%
N
100%
N
100%
N
100%
N
100%
N
100%
N
100%
N
100%
N
100%
N
100%
N
100%
N
100%
O
100%
Ö
100%
O
100%
O
100%
O
100%
O
100%
O
100%
O
100%
O
100%
Ö
100%
O
100%
O
100%
R
100%
R
100%
R
100%
R
100%
R
100%
R
100%
R
100%
R
100%
R
100%
R
100%
R
100%
R
100%
R
100%
R
100%
R
100%
R
100%
R
100%
R
100%
R
100%
R
100%
S
100%
S
100%
S
100%
S
100%
S
100%
S
100%
S
100%
S
100%
S
100%
S
100%
S
100%
S
100%
S
100%
S
100%
S
100%
T
100%
T
100%
T
100%
T
100%
T
100%
T
100%
T
100%
T
100%
U
100%
U
100%
U
100%
Ü
100%
U
100%
U
100%
U
100%
W
100%
W
100%
E
75%
N
75%
N
75%
O
75%
S
75%
S
75%
U
75%
A
67%
A
67%
B
67%
D
67%
E
67%
G
67%
I
67%
L
67%
N
67%
N
67%
O
67%
P
67%
R
67%
R
67%
T
67%
T
67%
T
67%
A
50%
B
50%
B
50%
B
50%
C
50%
C
50%
D
50%
E
50%
E
50%
E
50%
E
50%
E
50%
E
50%
F
50%
G
50%
G
50%
G
50%
G
50%
G
50%
G
50%
G
50%
H
50%
H
50%
I
50%
I
50%
I
50%
I
50%
I
50%
K
50%
K
50%
L
50%
L
50%
L
50%
M
50%
N
50%
N
50%
N
50%
O
50%
O
50%
R
50%
R
50%
R
50%
R
50%
R
50%
R
50%
R
50%
R
50%
S
50%
S
50%
T
50%
T
50%
T
50%
U
50%
U
50%
U
50%
W
50%
Z
50%
H
33%
M
33%
A
0%
A
0%
A
0%
A
0%
A
0%
A
0%
Ä
0%
B
0%
B
0%
B
0%
B
0%
B
0%
B
0%
B
0%
B
0%
B
0%
C
0%
C
0%
C
0%
C
0%
D
0%
D
0%
D
0%
D
0%
D
0%
D
0%
D
0%
E
0%
E
0%
E
0%
E
0%
E
0%
E
0%
E
0%
E
0%
E
0%
E
0%
E
0%
E
0%
E
0%
F
0%
F
0%
F
0%
F
0%
F
0%
G
0%
G
0%
G
0%
G
0%
G
0%
G
0%
G
0%
G
0%
G
0%
G
0%
H
0%
H
0%
H
0%
H
0%
H
0%
H
0%
H
0%
I
0%
I
0%
I
0%
I
0%
I
0%
I
0%
I
0%
I
0%
I
0%
I
0%
I
0%
K
0%
K
0%
L
0%
L
0%
L
0%
L
0%
L
0%
L
0%
L
0%
L
0%
L
0%
L
0%
L
0%
M
0%
M
0%
M
0%
M
0%
M
0%
M
0%
N
0%
N
0%
N
0%
N
0%
N
0%
N
0%
N
0%
N
0%
N
0%
N
0%
N
0%
N
0%
N
0%
N
0%
N
0%
N
0%
O
0%
O
0%
O
0%
Ö
0%
Ö
0%
P
0%
P
0%
P
0%
P
0%
P
0%
P
0%
P
0%
R
0%
R
0%
R
0%
R
0%
R
0%
R
0%
R
0%
R
0%
R
0%
R
0%
S
0%
S
0%
S
0%
S
0%
S
0%
S
0%
S
0%
S
0%
S
0%
S
0%
S
0%
T
0%
T
0%
T
0%
T
0%
T
0%
T
0%
T
0%
T
0%
T
0%
T
0%
T
0%
T
0%
Ü
0%
U
0%
U
0%
U
0%
V
0%
V
0%
W
0%
W
0%
W
0%
Z
0%
Z
0%
Keine übereinstimmenden Quizze gefunden
Verteilung der Resultate
Anzahl Personen mit jedem Resultat
Perzentil nach korrekt beantworteten Fragen
Ihre Resultats-Entwicklung
Sie haben dieses Quiz noch nicht gespielt